000
00339cam a2200145ua 4500
041
_a
eng
_h
100
_a
Trivedy, R.K .
245
_a
Low cost wastewater Treatment Technologies
260
_a
Jaipur :
_b
ABD Publishers ,
_c
2001.
300
_a
; .
504
_a
700
1
_a
Kaul, Siddarth .
942
_c
BK
999
_c
12916
_d
12916